Những nền văn minh thế giới

Сохранить в:
Библиографические подробности
Главный автор: Congshu, Shijie
Формат:
Язык:Undetermined
Опубликовано: Hà Nội Văn Học 2002
Предметы:
Метки: Добавить метку
Нет меток, Требуется 1-ая метка записи!
Thư viện lưu trữ: Trung tâm Học liệu Trường Đại học Cần Thơ
LEADER 00555nam a2200181Ia 4500
001 CTU_49797
008 210402s9999 xx 000 0 und d
082 |a 909 
082 |b C749 
100 |a Congshu, Shijie 
245 0 |a Những nền văn minh thế giới 
245 0 |c Shijie Congshu ; Trần Kiết Hùng (dịch) ...[et al.] 
260 |a Hà Nội 
260 |b Văn Học 
260 |c 2002 
650 |a World civilization,World history 
904 |i Qhieu sửa 
980 |a Trung tâm Học liệu Trường Đại học Cần Thơ